ბათუმის შოთა რუსთაველის სახელმწიფო უნივერსიტეტის ბიბლიოთეკა

Основания и фундаменты: промышленных зданий(с элементами грунтоведения и механики грунтов). (ბიბ.ჩანაწერი № 40743)

000 -LEADER
fixed length control field 00757nam a2200217Ia 4500
001 - CONTROL NUMBER
control field 7382
003 - CONTROL NUMBER IDENTIFIER
control field GE_BSU
008 - FIXED-LENGTH DATA ELEMENTS--GENERAL INFORMATION
fixed length control field 181216s||||||||xx |||||||||||||| ||und||
040 ## - CATALOGING SOURCE
Transcribing agency GE_BSU
080 ## - UNIVERSAL DECIMAL CLASSIFICATION NUMBER
Universal Decimal Classification number 624.15
100 ## - MAIN ENTRY--PERSONAL NAME
Personal name Денисов,О.Г.
245 ## - TITLE STATEMENT
Title Основания и фундаменты: промышленных зданий(с элементами грунтоведения и механики грунтов).
245 ## - TITLE STATEMENT
Statement of responsibility, etc. Ред. Н.Н.Бородина.
260 ## - PUBLICATION, DISTRIBUTION, ETC.
Place of publication, distribution, etc. М.
260 ## - PUBLICATION, DISTRIBUTION, ETC.
Name of publisher, distributor, etc. Высш. школа.
260 ## - PUBLICATION, DISTRIBUTION, ETC.
Date of publication, distribution, etc. 1968.
300 ## - PHYSICAL DESCRIPTION
Extent 375стр. 23см. илл 208. 93 библиогр.
300 ## - PHYSICAL DESCRIPTION
Accompanying material табл.54.
653 ## - INDEX TERM--UNCONTROLLED
Uncontrolled term Основания и фундаменты: промышленных зданий.
942 ## - ADDED ENTRY ELEMENTS (KOHA)
Koha item type წიგნი
ეგზემპლარები
Withdrawn status Lost status Damaged status Not for loan Date acquired Barcode Date last seen Price effective from Koha item type
        2018-12-17 9998 2018-12-17 2018-12-17 წიგნი